Online Catalogue and eLibrary

Gender ,society and change (Record no. 1350)

MARC details
000 -LEADER
fixed length control field 00437nam a2200181Ia 4500
005 - DATE AND TIME OF LATEST TRANSACTION
control field 20241219051212.0
008 - FIXED-LENGTH DATA ELEMENTS--GENERAL INFORMATION
fixed length control field 240331s9999 xx 000 0 und d
020 ## - INTERNATIONAL STANDARD BOOK NUMBER
ISBN 9558610194
082 ## - DDC Classification
Item Number - Author Mark CEN
DDC Edition Number 5737
Class No. 305
245 #0 - TITLE STATEMENT
Title Gender ,society and change
260 ## - PUBLICATION, DISTRIBUTION, ETC.
Place of publication, distribution, etc. Colombo
Name of publisher, distributor, etc. Centre for Women's Research
Date of publication, distribution, etc. 2005
300 ## - PHYSICAL DESCRIPTION
Extent (e.g. Volumes, Pages etc.) v, 157 p.,
650 ## - SUBJECT ADDED ENTRY--TOPICAL TERM
Topical term or geographic name entry element Gender
650 ## - SUBJECT ADDED ENTRY--TOPICAL TERM
Topical term or geographic name entry element Society
650 ## - SUBJECT ADDED ENTRY--TOPICAL TERM
Topical term or geographic name entry element Women
700 ## - ADDED ENTRY--PERSONAL NAME
Personal name CENWOR
Relator term (Role) Editor
942 ## - Koha item type (Biblio)
Koha item type Books in Stacks (Lending)
Holdings
Lost status Damaged status Collection code Home library Current library Shelving location Date acquired Full call number Accession Number Item type
    Lending WERC Library WERC Library Social Science Cupboard 03/31/2024 954.93 GEN 5737 Books in Stacks (Lending)

© WERC Library